World Subdivisions: A-Z (Countries Not In Geoguessr) - Statistics

General Stats
  • This quiz has been taken 23 times
  • The average score is 9 of 26
Answer Stats
Hint Answer % Correct
This district covers about 80% of the entire country, there are almost no roads since the district is essentially tropical rainforest. It also has no capital city. It borders almost every other district in the country, it almost entirely surrounds Brokopondo district. Sipaliwini
67%
A state that has the Rai Stones, it also has the famous Peebaey and Faluw. It is the westernmost state of the country, it borders Chuuk State. Yap
67%
This Department is named after Malebo "Lake", actually part of a huge river. On the two shores of the river sits 2 capital cities. Pool
57%
Identify the largest region in Guinea by land area, then switch all the Ks with Zs, now you have the name of this district. Zanzan
57%
Southernmost Atoll in the country, it is one of two atolls that's entirely in the southern hemisphere, the other one being Fuvahmulah. The island of Gan is the southernmost point in the entire archipelago. Addu
52%
Province who's largest city means "Free Town" (Not Freetown, Sierra Leone!), it borders Woleu-Ntem. Estuaire
48%
The northernmost point of this district is also the northernmost point of the landlocked country it's in. It contains the village of Naslavcea and the Călărașeuca Monastery. Ocnita
43%
The conqueror, Tamerlane/Timur, who founded the Timurid Empire, was born in Shahrisabz, which is a city in this region. Qashqadaryo
43%
A Region that borders the Republic of Karakalpakstan and Daşoguz Province. Xorazm
43%
New province created in 2019, borders Mali, named after a prominent activist during the country's war of independence. Bordj Badji Mokhtar
33%
This state is situated in the narrow "neck" of Babeldaob island. In the village of Ngebuked, you can find a stone monolith known as the "Crocodile Stone". Ngaraard
33%
An Atoll that's very close to Bikini Atoll where the US detonated "Castle Bravo" in 1954. After the thermonuclear test, women on the island reportedly had babies born with seemingly no bones and translucent skin, known as "jellyfish babies". The atoll also contains a very modern but abandoned village(s). The permanent population of the atoll is zero. Rongelap
33%
Southwestern municipality, contains the Xanana Gusmão International Airport and Ave Maria Cathedral. Cova Lima
29%
Governorate that means monastery + riverbank bush. Deir ez Zor
29%
The province that has the world's largest olive farm. Jawf
29%
The country in which this district is situated in has 4 districts, 2 of which start with T, but only one is an exclave. Name the one that is NOT an exclave. Tutong
29%
Province that means "irrigated land", borders Turkmenistan.The capital, Maymana, used to be called al-Yahudiyya, meaning "the city of the Jews". Faryab
24%
District that's named after a lake, which was formed by an earthquake near Mount Kapaz in the year 1139. Goygol
24%
Governorate who's name is a palindrome, it has the Al-Qahira Castle, it stretches from the Sarawat Mountains to the Tihama Plains. Hajjah
24%
This state is part of the Bahr el Ghazal region, which the current president of the country, Salva Kiir Mayardit, was born in. It borders the disputed territory of Abyei. Warrap
24%
A region that has the town of Dmanisi. Excavations discovered hominin fossils (nicknamed Zezva and Mzia) that are approximately 1.8 million years old. Kvemo Kartli
19%
Emperor Duy Tân died in 1945 due to a plane crash in this prefecture, it is also one of the main regions where Aka Pygmies live. Lobaye
14%
It is the second smallest district in the country at only 0.8 square kilometers. It is part of the Ubenide Constituency. The country is about 300km away from Kiribati. Uaboe
14%
This district literally means "The Canoe of Fonoti", it is the least populated district in the country. The district itself has a small exclave called Faleapuna. Vaa o Fonoti
14%
District made of islands that is known for being composed of granite. Inner Islands
10%
A southeastern district named after a brave governor: Baron de ___. The district is also a primary hub for sea moss farming. Micoud
10%
No matching quizzes found
Score Distribution
Percent of People with Each Score
Percentile by Number Answered
Your Score History
You have not taken this quiz